01267nam a2200301 a 4500001001200000003000800012006001900020007001500039008004100054010001700095020001800112020002700130040002100157035002100178050002500199100002500224245013300249260006400382300002400446490004600470504005100516533015200567650003800719650003600757655002900793710001700822856012600839ebr10658440CaPaEBRm u cr cn|||||||||121031s2013 njua sb 001 0 eng d z 2012953072 z9781848214828 z9781118639399 (e-book) aCaPaEBRcCaPaEBR a(OCoLC)83454427214aTA683.2b.C37 2013eb1 aCasandjian, Charles.10aReinforced concrete beams, columns and framesh[electronic resource] :bmechanics and design /cCharles Casandjian ... [et al.]. aHoboken, N.J. :bISTE Ltd./John Wiley and Sons Inc.,c2013. axvi, 294 p. :bill.0 aCivil engineering and geomechanics series aIncludes bibliographical references and index. aElectronic reproduction.bPalo Alto, Calif. :cebrary,d2013.nAvailable via World Wide Web.nAccess may be limited to ebrary affiliated libraries. 0aReinforced concrete construction. 0aBuildings, Reinforced concrete. 7aElectronic books.2local2 aebrary, Inc.40uhttp://site.ebrary.com/lib/rucke/Doc?id=10658440zAn electronic book accessible through the World Wide Web; click to view